Core Principles and Applications of Corporate Finance. (Record no. 7576)
[ view plain ]
| 000 -LEADER | |
|---|---|
| fixed length control field | 00618nam a22002057a 4500 |
| 003 - CONTROL NUMBER IDENTIFIER | |
| control field | OSt |
| 005 - DATE AND TIME OF LATEST TRANSACTION | |
| control field | 20211207180125.0 |
| 008 - FIXED-LENGTH DATA ELEMENTS--GENERAL INFORMATION | |
| fixed length control field | 211207b ||||| |||| 00| 0 eng d |
| 020 ## - INTERNATIONAL STANDARD BOOK NUMBER | |
| International Standard Book Number | 9780071310703 |
| 040 ## - CATALOGING SOURCE | |
| Transcribing agency | DDC |
| 082 ## - DEWEY DECIMAL CLASSIFICATION NUMBER | |
| Classification number | 658.15 COR 2011 |
| 100 ## - MAIN ENTRY--PERSONAL NAME | |
| Personal name | Stephen A. Ross; Randolph W. Westerfield; Jeffrey, Jaffe; Bradford D. Jordan |
| 9 (RLIN) | 15498 |
| 245 ## - TITLE STATEMENT | |
| Title | Core Principles and Applications of Corporate Finance. |
| 250 ## - EDITION STATEMENT | |
| Edition statement | 3rd ed. |
| 260 ## - PUBLICATION, DISTRIBUTION, ETC. (IMPRINT) | |
| Place of publication, distribution, etc. | New York: |
| Name of publisher, distributor, etc. | McGraw-Hill; |
| Date of publication, distribution, etc. | 2011, |
| 300 ## - PHYSICAL DESCRIPTION | |
| Extent | 752p.: |
| Other physical details | ill; |
| Dimensions | 26cm. |
| 504 ## - BIBLIOGRAPHY, ETC. NOTE | |
| Bibliography, etc | Includes Index. |
| 650 ## - SUBJECT ADDED ENTRY--TOPICAL TERM | |
| Topical term or geographic name as entry element | Corporations -- Finance. |
| 9 (RLIN) | 15499 |
| 942 ## - ADDED ENTRY ELEMENTS (KOHA) | |
| Source of classification or shelving scheme | Dewey Decimal Classification |
| Koha item type | Book |
| Withdrawn status | Lost status | Source of classification or shelving scheme | Damaged status | Not for loan | Home library | Current library | Date acquired | Source of acquisition | Inventory number | Total Checkouts | Full call number | Barcode | Date last seen | Price effective from | Koha item type |
|---|---|---|---|---|---|---|---|---|---|---|---|---|---|---|---|
| Dewey Decimal Classification | Faculty of Management Science Library | Faculty of Management Science Library | 07/12/2021 | Purchase | 17/40180 | 338.60 COR 2011 | 2021-2073 | 07/12/2021 | 07/12/2021 | Book |
